UEFA Europa League 2025/26 Clubs by Badges - Statistics

General Stats
  • This quiz has been taken 103 times
  • The average score is 30 of 36
Answer Stats
Picture Answer % Correct
Aston Villa
98%
Bologna
95%
Celtic
95%
Basel
94%
Feyenoord
93%
Nottingham Forest
93%
Olympique Lyon
92%
AS Roma
91%
Braga
91%
Celta De Vigo
91%
Fenerbahce
91%
LOSC Lille
91%
Porto
91%
Rangers
91%
Young Boys Bern
91%
Dinamo Zagreb
90%
Real Betis
90%
OGC Nice
88%
Red Star Belgrade
88%
VfB Stuttgart
88%
FC Red Bull Salzburg
87%
Freiburg
86%
Malmö FF
86%
Racing Genk
86%
Maccabi Tel Aviv
81%
FCSB
79%
FC Utrecht
77%
PAOK Thessaloniki
77%
Panathinaikos
76%
Sturm Graz
74%
Ferencváros
72%
Go Ahead Eagles
71%
Brann
69%
Ludogorets
66%
Viktoria Plzen
66%
Midtjylland
62%
No matching quizzes found
Score Distribution
Percent of People with Each Score
Percentile by Number Answered
Your Score History
You have not taken this quiz